ბათუმის შოთა რუსთაველის სახელმწიფო უნივერსიტეტის ბიბლიოთეკა

მცენარეთა ბიოტექნოლოგია (ბიბ.ჩანაწერი № 34399)

000 -LEADER
fixed length control field 00852nam a2200229Ia 4500
001 - CONTROL NUMBER
control field 83
003 - CONTROL NUMBER IDENTIFIER
control field GE_BSU
008 - FIXED-LENGTH DATA ELEMENTS--GENERAL INFORMATION
fixed length control field 181216s||||||||xx |||||||||||||| ||und||
020 ## - INTERNATIONAL STANDARD BOOK NUMBER
International Standard Book Number 9789992853627
040 ## - CATALOGING SOURCE
Transcribing agency GE_BSU
080 ## - UNIVERSAL DECIMAL CLASSIFICATION NUMBER
Universal Decimal Classification number 573.6+57.082(075.8)
100 ## - MAIN ENTRY--PERSONAL NAME
Personal name ქობალია, ვახტანგ
245 ## - TITLE STATEMENT
Title მცენარეთა ბიოტექნოლოგია
245 ## - TITLE STATEMENT
Remainder of title სახელმძღვანელო სასოფლო–სამეურნეო და სატყეო საქმის სპეციალობის სტუდენტებისათვის
260 ## - PUBLICATION, DISTRIBUTION, ETC.
Place of publication, distribution, etc. ქუთაისი
260 ## - PUBLICATION, DISTRIBUTION, ETC.
Name of publisher, distributor, etc. მოწამეთა
260 ## - PUBLICATION, DISTRIBUTION, ETC.
Date of publication, distribution, etc. 2008
300 ## - PHYSICAL DESCRIPTION
Extent 532 გვ.
653 ## - INDEX TERM--UNCONTROLLED
Uncontrolled term ბიოტექნოლოგია
942 ## - ADDED ENTRY ELEMENTS (KOHA)
Koha item type წიგნი
ეგზემპლარები
Withdrawn status Lost status Damaged status Not for loan Date acquired Barcode Date last seen Price effective from Koha item type
        2018-12-17 1936 2018-12-17 2018-12-17 წიგნი